Between the Testaments. (Record no. 2484)

000 -LEADER
fixed length control field 00646nam a2200193 a 4500
001 - CONTROL NUMBER
control field :::00000209$&:&@@
003 - CONTROL NUMBER IDENTIFIER
control field OkBaRHE
005 - DATE AND TIME OF LATEST TRANSACTION
control field 20091204160752.0
008 - FIXED-LENGTH DATA ELEMENTS--GENERAL INFORMATION
fixed length control field s1959 j 000 0 eng u
040 ## - CATALOGING SOURCE
Transcribing agency
100 1# - MAIN ENTRY--PERSONAL NAME
Personal name Pfeiffer, Charles F.
245 10 - TITLE STATEMENT
Title Between the Testaments.
260 ## - PUBLICATION, DISTRIBUTION, ETC. (IMPRINT)
Place of publication, distribution, etc Grand Rapids, MI., :
Name of publisher, distributor, etc Baker Book House
Date of publication, distribution, etc 1959
300 ## - PHYSICAL DESCRIPTION
Extent 132 p. ;
Dimensions 22 cm.
650 ## - SUBJECT ADDED ENTRY--TOPICAL TERM
Topical term or geographic name as entry element Jews
General subdivision History 586 BC
-- 70 AD.
942 ## - ADDED ENTRY ELEMENTS (KOHA)
Source of classification or shelving scheme
Koha item type Books
Copies
Copy number Full call number Permanent Location Barcode Date last seen Not for loan Withdrawn status Lost status Damaged status Koha item type Price effective from Source of classification or shelving scheme Shelving location Date acquired
1BM 176 .P39RHEMA Bible Training College2092010-04-14    Books2010-04-14 General Stacks2010-04-14
2BM 176 .P39RHEMA Bible Training College155792010-04-14    Books2010-04-14 General Stacks2010-04-14